Modern Geometry of the Triangle (Record no. 1594)

MARC details
000 -LEADER
fixed length control field 00405nam a2200145Ia 4500
008 - FIXED-LENGTH DATA ELEMENTS--GENERAL INFORMATION
fixed length control field 211109s9999||||xx |||||||||||||| ||und||
082 ## - DEWEY DECIMAL CLASSIFICATION NUMBER
Classification number 516
Item number GAL-M
100 ## - MAIN ENTRY--PERSONAL NAME
Personal name Gallatly, William
245 #0 - TITLE STATEMENT
Title Modern Geometry of the Triangle
260 ## - PUBLICATION, DISTRIBUTION, ETC.
Name of publisher, distributor, etc. University of Toronto
Place of publication, distribution, etc. New York
Date of publication, distribution, etc. 1920
300 ## - PHYSICAL DESCRIPTION
Extent 214p.
630 ## - SUBJECT ADDED ENTRY--UNIFORM TITLE
General subdivision General Stack
650 ## - SUBJECT ADDED ENTRY--TOPICAL TERM
Topical term or geographic name entry element Trigonometry
942 ## - ADDED ENTRY ELEMENTS (KOHA)
Koha item type BOOK
650 ## - SUBJECT ADDED ENTRY--TOPICAL TERM
Form subdivision GeometryMathematics
General subdivision Mathematics
Holdings
Withdrawn status Lost status Damaged status Not for loan Home library Current library Date acquired Cost, normal purchase price Total Checkouts Full call number Barcode Shelving location Date last seen Price effective from Koha item type
        SB LIBRARY SB LIBRARY 09/11/2021 100.00   516 GAL-M 00001722 GENERAL STACK 09/11/2021 09/11/2021 BOOK

Powered by Koha